000 01426cam a22004574i 4500
003 PE-LiUPU
005 20250731173540.0
008 150616s r 000 0 d
035 _a(Sirsi) a9001
040 _aPE-LiUPU
_bspa
_cPE-LiUPU
_erda
049 _aPRUA
082 0 4 _a264
_bK81
_221
100 1 _aKreider, Eleanor,
_eautor.
245 1 0 _aEnter His Gates.
264 1 _aWaterloo, Ontario :
_bHerald Press,
_c1990.
300 _a220 páginas ;
_c22 cm.
336 _atext
_2rdacontent
337 _aunmediated
_2rdamedia
338 _avolume
_2rdacarrier
504 _aBibliografía: 217-218.
505 0 _aTruth in worship- Dsign in worship- Bible words in worship
526 _aSEG42
526 _aSEG41
526 _aSEG40
526 _aSEG39
526 _aP94
526 _aP87
526 _aP86
526 _aP85
526 _aP77
526 _aP76
526 _aP35
650 0 4 _aCULTO Y ADORACION.
910 _ajck
_bjvq
_cjck
942 _2ddc
_cBOOK
949 _a264 K81
_wDEWEY
_c1
_i42573
_lCCODEBUL1
_mBUL
_p00.00
_r0
_sY
_tBOOK
_u19970204
_xTEOLOGIA
_zUNKNOWN
_0COMPRA
_o.STAFF. Colección General
994 _aC0
_bPEPRU
596 _a1
999 _a264 K81
_wDEWEY
_c60408
_i42573
_f2021-11-10
_g5
_lCCODEBUL1
_mBUL
_r0
_sY
_tBOOK
_u2015-6-16
_xTEOLOGIA
_zUNKNOWN
_0COMPRA
_o.STAFF. Colección General
_d60408
980 _81
_gALBERTO SANCHEZ Responsable de Automatización